Zmluvné zabezpečovanie dopravných služieb pri zájazdoch diplomová práca

Guardado en:
Detalles Bibliográficos
Autor principal: Vico, Michal
Autor Corporativo: Obchodná fakulta EU. Katedra obchodného práva
Otros Autores: Sabo, Mikuláš
Formato: Libro
Lenguaje:eslovaco
Publicado: Bratislava 2011
Etiquetas: Agregar Etiqueta
Sin Etiquetas, Sea el primero en etiquetar este registro!

MARC

LEADER 00000nam a2200000 4500
001 0143068
005 20240318124904.2
041 0 |a slo 
044 |a SK 
245 1 0 |a Zmluvné zabezpečovanie dopravných služieb pri zájazdoch  |b diplomová práca  |c Michal Vico ; školiteľ: Mikuláš Sabo 
264 1 |a Bratislava  |c 2011 
300 |a 70 s. 
100 1 |a Vico, Michal 
700 1 |a Sabo, Mikuláš 
710 2 |a Obchodná fakulta EU. Katedra obchodného práva